000 00820nam a22002417a 4500
001 49
003 BR-CuiBMT
005 20230810210317.0
008 230808b2021 mgbaaaa 000 0 por d
020 _a9786555182170
040 _aBR-CuiBMT
_cBR-CuiBMT
080 _a342.7-053.2/.6
_x-053.2/.6
_22007
090 _a342.7-053.2/.6
_bF363v
100 1 _aFernandes, Rômulo Magalhães
245 1 0 _aViolações dos direitos de crianças e adolescentes na mídia :
_bprogramas policialescos e a classificação indicativa no Brasil /
_cRômulo Magalhães Fernandes.
260 _aBelo Horizonte :
_bFórum,
_c2021.
300 _a306 p. :
_bil. ;
_c22 cm
504 _aInclui bibliografia.
650 _aDireitos humanos
650 _aDireito de crianças e adolescentes
650 _aDireito constitucional
942 _2udc
_cLV
999 _c49
_d49